00990cam a2200265 450000100060000000300080000600500170001400800390003102000150007003500190008504000320010404100080013608200240014410000260016824500500019426000390024430000570028350000570034050400510039765000540044865000380050294200120054099900170055295201550056917116BD-RjUL20211209000106.0140216s1973 enka b 001 0 eng a0198173075 a(BD-RjUL)17173 aDLCcDLCdDLCdBD-RjULbeng aeng00a758.10942bSTP 19731 aStaley, Allen.95279614aThe Pre-Raphaelite landscape /cAllen Staley. aOxford :bClarendon Press,cc1973. axxvi, 193, [108] p. :billus. (some col.). ;c30 cm. aBased on the author's thesis, Yale University, 1965. aIncludes bibliographical references and index. 0aLandscape painting, Englishy19th century.952798 0aPre-RaphaelitismzEngland.952799 2ddccBK c17116d17116 00102ddc40718NFICaRUCLbRUCLcReadingd1975-11-27eJonhanathan wren & co.g12.50l0o758.10942 STP 1973r2014-02-16 00:00:00tC-1w2014-02-16yBK